00766nam a22001817a 450000500170000001000150001702000250003203500140005703700090007108200080008010000370008824500800012525000060020526000690021127002250028030000540050565000250055920240718155747.0 aHIN-127995 c400.0a9788193804445 aHN-100341 bDBAD aउ aअनुरागी, अजय aसीढियों पर सपने/bअजय अनुरागी a1 aजयपुर bमंथन पब्लिकेशनc2021 a1926, गीतांजलि अपार्टमेंट, पहली मंज़िल, नाटानियों का रास्ता bजयपुरe302003k0141-2315072mpanchsheelprakashan@gmail.com a150पृ.c23 सेमी. (सजिल्द) aहिन्दी